Modern Family Characters - Statistics

General Stats
  • This quiz has been taken 8,703 times
    8,700 since last reset
  • The average score is 13 of 17
Answer Stats
Hint Answer % Correct
real estate agent Phil Dunphy
99%
colombian native Gloria Pritchett
97%
housewife Claire Dunphy
96%
stay-at-home dad Cameron Tucker
95%
most erudite and intelligent of three siblings Alex Dunphy
94%
owner of a construction supply warehouse Jay Pritchett
94%
adopted vietnamese daughter Lily Tucker Pritchett
94%
rambunctious son who is doing his own thing Luke Dunphy
94%
very outgoing and not the least bit self-conscious Manny Delgado
91%
lawyer Mitchell Pritchett
90%
stereotypical teenager Haley Dunphy
87%
Pritchett family's pet Stella
77%
Jay's ex-wife DeDe Pritchett
59%
musician, cowboy Dylan
54%
Gloria's ex-husband Javier Delgado
44%
Phil's father Frank Dunphy
33%
Cameron's mother Barb Tucker
16%
No matching quizzes found
Score Distribution
Percent of People with Each Score
Percentile by Number Answered
Your Score History
You have not taken this quiz since the last reset